| 000 | 00538cam a22001337a 4500 | ||
|---|---|---|---|
| 008 | 180718b2004 xxu||||| |||| 00| 0 eng d | ||
| 082 | _aQ31x54 In2/10 | ||
| 100 | _aKabra, Asmita | ||
| 245 |
_aChronic poverty and vulnerable social groups: the case of the Sahariya Adivasi community displaced from Kuno wildlife sanctury, Madhya Pradesh _cby Asmita Kabra |
||
| 260 |
_aNew Delhi _bIndian Institute of Public Administration _c2004 |
||
| 300 | _a48p. | ||
| 440 | _aCPRC-IIPA working paper; no. 10 | ||
| 650 | _aPoverty - Madhya Pradesh - India | ||
| 999 |
_c493063 _d493063 |
||